000 00561nam a2200181Ia 4500
008 151018s9999 xx 000 0 und d
082 _bRBASDV7324
_a891.463
100 _aमंदाकिनी
245 _aउदास हळवे सूर
250 _b1
260 _bकुलकर्णी ग्रंथागार
_c1971
300 _a141
600 _aमंदाकिनी
630 _aउदास हळवे सूर
700 _aमंदाकिनी
730 _aउदास हळवे सूर
942 _cBOOK
999 _c1009693
_d1009690